|
|
|
|
| LEADER |
00000nam0a2200000 4500 |
| 001 |
44073 |
| 005 |
20231031021810.0 |
| 010 |
|
|
|a 5279022888
|
| 035 |
|
|
|a (RuTPU)RU\TPU\book\45703
|
| 090 |
|
|
|a 44073
|
| 100 |
|
|
|a 20021104d2002 m y0rusy50 ca
|
| 101 |
0 |
|
|a rus
|
| 102 |
|
|
|a RU
|
| 105 |
|
|
|a a j 001zy
|
| 200 |
1 |
|
|a Основы компьютерных технологий
|f В. Б. Попов
|
| 210 |
|
|
|a Москва
|c Финансы и статистика
|d 2002
|
| 215 |
|
|
|a 704 с.
|c ил.
|
| 320 |
|
|
|a Библиогр. в конце глав.
|
| 320 |
|
|
|a Предм. указ.: с. 700-703.
|
| 610 |
1 |
|
|a информатика
|
| 610 |
1 |
|
|a компьютерные технологии
|
| 610 |
1 |
|
|a персональные компьютеры
|
| 610 |
1 |
|
|a аппаратные средства
|
| 610 |
1 |
|
|a операционные системы
|
| 610 |
1 |
|
|a MS DOS
|
| 610 |
1 |
|
|a Norton Commander
|
| 610 |
1 |
|
|a Windows 95
|
| 610 |
1 |
|
|a Windows 98
|
| 610 |
1 |
|
|a информационная безопасность
|
| 610 |
1 |
|
|a компьютерная вирусология
|
| 610 |
1 |
|
|a программные средства
|
| 610 |
1 |
|
|a компьютерные сети
|
| 610 |
1 |
|
|a Интернет
|
| 610 |
1 |
|
|a телекоммуникации
|
| 610 |
1 |
|
|a текстовые процессоры
|
| 610 |
1 |
|
|a Microsoft Word
|
| 610 |
1 |
|
|a Microsoft Excel
|
| 610 |
1 |
|
|a информационные системы
|
| 610 |
1 |
|
|a базы данных
|
| 610 |
1 |
|
|a Microsoft Excel
|
| 610 |
1 |
|
|a Microsoft PowerPoint
|
| 610 |
1 |
|
|a компьютерная графика
|
| 610 |
1 |
|
|a учебные пособия
|
| 675 |
|
|
|a 681.3.01(07)
|v 3
|
| 700 |
|
1 |
|a Попов
|b В. Б.
|g Владимир Борисович
|
| 801 |
|
1 |
|a RU
|b 63413507
|c 20021104
|g PSBO
|
| 801 |
|
2 |
|a RU
|b 63413507
|c 20160212
|g PSBO
|
| 942 |
|
|
|c BK
|